Gorjačij pepel : chronika tajnos gonki za obladenije atomnym oružijem /
Uložené v:
| Hlavný autor: | |
|---|---|
| Médium: | Kniha |
| Jazyk: | Russian |
| Vydané: |
Moskva :
Izdat. APN,
1984.
|
| Vydanie: | 1. izd. |
| Edícia: | Bibliotečka APN
|
| ISBN: |
(brož.) |
| Fyzický popis: |
126 s. |
| Tagy: |
Pridať tag
Žiadne tagy, Buďte prvý kto otaguje tento záznam!
|
Titul je dostupný aj v ... 

MARC
| LEADER | 00000nam a2200000 a 4500 | ||
|---|---|---|---|
| 001 | 000413813 | ||
| 005 | 20121223230010.0 | ||
| 008 | 040101s1984 ru e ruso | ||
| 020 | |a (brož.) |c Kčs 5,50 | ||
| 040 | |a SVKKK |b slo |c SVKKK |e AACR2 | ||
| 041 | 0 | |a rus | |
| 044 | |a ru |c RU | ||
| 100 | 1 | |a Ovčinnikov, Vsevolod Vladimirovič, |d 1926- |4 aut | |
| 245 | 1 | 0 | |a Gorjačij pepel : |b chronika tajnos gonki za obladenije atomnym oružijem / |c Vsevolod Vladimirovič Ovčinnikov. |
| 250 | |a 1. izd. | ||
| 260 | |a Moskva : |b Izdat. APN, |c 1984. | ||
| 300 | |a 126 s. | ||
| 490 | 1 | |a Bibliotečka APN | |
| 830 | 0 | |a Bibliotečka APN | |
| 910 | |a svkkk | ||
| 998 | |a BK | ||
| 090 | |g SCKHL |k Sklad Pribinova 2. posch. |a II.291642 |j 706336 |i B277391 |s Absenčne | ||